Stavebno-technologický projekt: Polyfunkčný bytový dom Krupina.
Guardado en:
| Autor principal: | |
|---|---|
| Otros Autores: | |
| Formato: | Manuscrito Libro |
| Lenguaje: | eslovaco |
| Publicado: |
2019
|
| Materias: | |
| Acceso en línea: | http://is.stuba.sk/zp/portal_zp.pl?podrobnosti=153432 https://opac.crzp.sk/?fn=detailBiblioForm&sid=7748F8ABF7A423EAE677DF3BD0B0 |
| Etiquetas: |
Sin Etiquetas, Sea el primero en etiquetar este registro!
|
MARC
| LEADER | 00000ntm a22000003a 4500 | ||
|---|---|---|---|
| 001 | stuzp75252 | ||
| 003 | SK-STU | ||
| 005 | 20230608143817.5 | ||
| 007 | ta | ||
| 008 | 150427s2015----xo-----f-mn---000-0-slo-d | ||
| 040 | |a STU |b slo | ||
| 041 | 0 | |a slo | |
| 100 | 1 | |a Novotný, Ján |u 010270 |k Z4 |4 aut |U SvF Stavebná fakulta |T SvF Katedra technológie stavieb |X 55573 |U V270 |Y 28 |7 55573 | |
| 242 | 0 | 1 | |a Construction - Technological Project: KRUPINA Polyfunctional Apartment Building |y eng |
| 245 | 1 | 0 | |a Stavebno-technologický projekt: Polyfunkčný bytový dom Krupina. |
| 260 | |c 2019 | ||
| 650 | 4 | |a časový harmonogram výstavby |2 slo | |
| 650 | 4 | |a zariadenie staveniska |2 slo | |
| 650 | 4 | |a technológia betonáže stropnej dosky |2 slo | |
| 650 | 4 | |a concrete slab concreting technology |2 eng | |
| 650 | 4 | |a construction schedule |2 eng | |
| 650 | 4 | |a construction site equipment |2 eng | |
| 700 | 1 | |a Ďubek, Marek |u 010270 |k Z1 |4 ths |U SvF Stavebná fakulta |T SvF Katedra technológie stavieb |X 20818 |U V270 |Y 28 |7 A000020818 | |
| 856 | 4 | |u http://is.stuba.sk/zp/portal_zp.pl?podrobnosti=153432 | |
| 856 | 4 | |u https://opac.crzp.sk/?fn=detailBiblioForm&sid=7748F8ABF7A423EAE677DF3BD0B0 | |